Čtvrtý konkubín /
Mezidruhová konfederace usiluje o spojenectví veškerého inteligentního života v jednom laskavém, harmonickém bratrstvu. Nejsou ale jediní! Svižná sci-fi komedie plná galaktických intrik, mezidruhové diplomacie a nečekaných spojenectví.
Uloženo v:
| Hlavní autor: | |
|---|---|
| Médium: | E-kniha |
| Jazyk: | Czech |
| Vydáno: |
Praha :
Dobrovský s.r.o.,
2026
|
| Edice: | Fobos
|
| Témata: | |
| Tagy: |
Žádné tagy |
| LEADER | 02451nam a2200433 i 4500 | ||
|---|---|---|---|
| 001 | 314044 | ||
| 003 | CZ PrSKC | ||
| 005 | 20260703062715.0 | ||
| 007 | ta | ||
| 008 | 260625s2026 xr g 000 f cze | ||
| 015 | |a cnb003766303 | ||
| 020 | |a 9788027763177 |q (vázáno) : |c Kč 399,00 | ||
| 040 | |a ABG001 |b cze |e rda | ||
| 041 | 1 | |a cze |h eng | |
| 072 | 7 | |a 821.111(73)-3 |x Americká próza |2 Konspekt | |
| 080 | |a 821.111(73)-31 |2 MRF | ||
| 080 | |a (0:82-311.9) |2 MRF | ||
| 100 | 1 | |a Ashton, Edward |7 xx0282254 |4 aut | |
| 240 | 1 | 0 | |a Fourth consort. |l Česky |
| 245 | 1 | 0 | |a Čtvrtý konkubín / |c Edward Ashton ; přeložil Aleš Drobek |
| 264 | 1 | |a Praha : |b Dobrovský s.r.o., |c 2026 | |
| 300 | |a 277 stran ; |c 21 cm | ||
| 336 | |a text |b txt |2 rdacontent | ||
| 337 | |a bez média |b n |2 rdamedia | ||
| 338 | |a svazek |b nc |2 rdacarrier | ||
| 490 | 1 | |a Fobos | |
| 500 | |a Přeloženo z angličtiny | ||
| 520 | 2 | |a Mezidruhová konfederace usiluje o spojenectví veškerého inteligentního života v jednom laskavém, harmonickém bratrstvu. Nejsou ale jediní! Svižná sci-fi komedie plná galaktických intrik, mezidruhové diplomacie a nečekaných spojenectví. |b Dalton Greaves je vojenský veterán, který se hluboce zamýšlí nad smyslem boje a zabíjení. I proto se stane lidským zástupcem Jednoty, jež si - údajně - nepřeje nic jiného než meziplanetární bratrství všech inteligentních tvorů. Stejně vznešené poslání má i Kolektiv, jehož úhlavním nepřítelem je však právě Jednota... Takže když Dalton uvázne na nepříliš přátelské planetě spolu se svým děsivým kumpánem i zástupcem Kolektivu, je zaděláno na problém. Nakladatelská anotace. | |
| 655 | 7 | |a americké romány |7 fd131796 |2 czenas | |
| 655 | 7 | |a vědecko-fantastické romány |7 fd133847 |2 czenas | |
| 655 | 9 | |a American fiction |2 eczenas | |
| 655 | 9 | |a science fiction novels |2 eczenas | |
| 710 | 2 | |a Dobrovský (firma) |7 olak2017946581 |4 pbl | |
| 830 | 0 | |a Fobos | |
| 900 | |a ABG001 |b 19 | ||
| 044 | |a xr | ||
| 910 | |a RBIT002 | ||
| 998 | |d 428161 |a https://core.palmknihy.cz/api/books/428161/cover?thjqyw |b https://core.palmknihy.cz/api/books/428161/cover/400?thjqyw |c https://core.palmknihy.cz/api/books/428161/cover/50?thjqyw |e 2030-03-31 |g 280 |i 9788027763177 |j https://core.palmknihy.cz/api/books/428161/preview.epub |k https://core.palmknihy.cz/api/books/428161/preview.pdf |l |q 49 |r 1 |s https://www.palmknihy.cz/kniha/428161 |t ebook |y 2026 |z 0 | ||
| 999 | |d 314042 | ||